00518cam a22001692 4500001001100000005001700011008004100028020002700069040001500096100003000111245005200141250001300193260004800206300001800254650004600272700003000318000000723720151217155214.0071205s xx 000 0 eng d a8120328019 :cKES 1600 aKABUcKABU1 aDeitel, H. M.@000015444910aC how to program /cH. M. Deitel, P. J. Deitel. a4th ed. aNew Delhi :bPrentice-Hall of India,c2004. axli, 1255 p. 0aC (Computer program language)@00001544321 aDeitel, P. J.@0000154450